Století Miroslava Zikmunda /
Publikace historických vzpomínek vznikla na základě rozhovorů vedených při přípravě natáčení filmu Století Miroslava Zikmunda. Obsahuje dosud nepublikované informace, včetně úryvků z prvního, nikdy nevydaného cestopisu, dobové fotografie a ilustrace.
Uloženo v:
| Hlavní autor: | |
|---|---|
| Další autoři: | , , |
| Médium: | E-audiokniha |
| Jazyk: | Czech |
| Vydáno: |
V Brně : [Praha] :
Jota ; PiranhaFilm,
2017
|
| Vydání: | Vydání první |
| Témata: | |
| Tagy: |
Žádné tagy |
| LEADER | 06491nam a2201237 i 4500 | ||
|---|---|---|---|
| 001 | 313405 | ||
| 003 | CZ PrSKC | ||
| 005 | 20260601215741.0 | ||
| 007 | ta | ||
| 008 | 171227s2017 xr abche 001 0bcze | ||
| 015 | |a cnb002955033 | ||
| 020 | |a 9788074627545 |q (vázáno) | ||
| 020 | |a 978-80-7565-252-2 |q (soubor s DVD) | ||
| 035 | |a (OCoLC)1022781454 | ||
| 040 | |a ABA001 |b cze |e rda | ||
| 043 | |a e-xr--- |a x------ | ||
| 045 | |a x-y- | ||
| 072 | 7 | |a 91 |x Geografie jako věda. Výzkum. Cestování |2 Konspekt | |
| 072 | 7 | |a 929 |x Biografie |2 Konspekt | |
| 080 | |a 910.4-051 |2 MRF | ||
| 080 | |a 929 |2 MRF | ||
| 080 | |a 910.4 |2 MRF | ||
| 080 | |a 94(437.3) |2 MRF | ||
| 080 | |a (100) |2 MRF | ||
| 080 | |a (092) |2 MRF | ||
| 080 | |a (0:82-94) |2 MRF | ||
| 080 | |a (084.12) |2 MRF | ||
| 100 | 1 | |a Zikmund, Miroslav, |d 1919-2021 |7 jk01152634 |4 aut | |
| 245 | 1 | 0 | |a Století Miroslava Zikmunda / |c Miroslav Zikmund, Petr Horký, Miroslav Náplava a Vladimír Kroc |
| 250 | |a Vydání první | ||
| 264 | 1 | |a V Brně : |b Jota ; |a [Praha] : |b PiranhaFilm, |c 2017 | |
| 300 | |a 429 stran : |b ilustrace (některé barevné), mapy, portréty, faksimile ; |c 25 cm (kniha) | ||
| 336 | |a text |b txt |2 rdacontent | ||
| 336 | |a statický obraz |b sti |2 rdacontent | ||
| 336 | |a dvojrozměrný pohyblivý obraz |b tdi |2 rdacontent | ||
| 337 | |a bez média |b n |2 rdamedia | ||
| 337 | |a video |b v |2 rdamedia | ||
| 338 | |a svazek |b nc |2 rdacarrier | ||
| 338 | |a videodisk |b vd |2 rdacarrier | ||
| 500 | |a Životopisná data | ||
| 500 | |a Část nákladu distribuována s DVD (životopisný film) ve speciálním dárkovém balení Kniha + film | ||
| 500 | |a ISBN souboru pouze na kartonovém přebalu | ||
| 504 | |a Obsahuje bibliografie a rejstřík | ||
| 520 | 2 | |a Publikace historických vzpomínek vznikla na základě rozhovorů vedených při přípravě natáčení filmu Století Miroslava Zikmunda. Obsahuje dosud nepublikované informace, včetně úryvků z prvního, nikdy nevydaného cestopisu, dobové fotografie a ilustrace. | |
| 600 | 1 | 7 | |a Zikmund, Miroslav, |d 1919-2021 |7 jk01152634 |2 czenas |
| 600 | 1 | 7 | |a Hanzelka, Jiří, |d 1920-2003 |7 jk01033530 |2 czenas |
| 648 | 7 | |a 20.-21. století |7 ch462155 |2 czenas | |
| 648 | 7 | |a 20. století |7 ch460558 |2 czenas | |
| 650 | 0 | 7 | |a cestovatelé |7 ph119109 |z Česko |y 20.-21. století |2 czenas |
| 650 | 0 | 7 | |a cesty a pobyt |7 ph137578 |z země světa |y 20. století |2 czenas |
| 650 | 0 | 9 | |a travellers |z Czechia |y 20th-21st centuries |2 eczenas |
| 650 | 0 | 9 | |a travels and stays |z countries of the world |y 20th century |2 eczenas |
| 651 | 7 | |a Česko |7 ge128065 |x dějiny |y 20.-21. století |2 czenas | |
| 651 | 9 | |a Czechia |x history |y 20th-21st centuries |2 eczenas | |
| 655 | 7 | |a biografie |7 fd131909 |2 czenas | |
| 655 | 7 | |a autobiografické vzpomínky |7 fd131854 |2 czenas | |
| 655 | 7 | |a fotografické publikace |7 fd132276 |2 czenas | |
| 655 | 9 | |a biography |2 eczenas | |
| 655 | 9 | |a autobiographical reminiscences |2 eczenas | |
| 655 | 9 | |a photographical works |2 eczenas | |
| 700 | 1 | |a Horký, Petr, |d 1973- |7 xx0001576 |4 aut | |
| 700 | 1 | |a Náplava, Miroslav, |d 1966- |7 xx0001577 |4 aut | |
| 700 | 1 | |a Kroc, Vladimír, |d 1966- |7 jn20010310333 |4 aut | |
| 900 | |a ABA001 |b 21 | ||
| 044 | |a xr | ||
| 505 | 0 | 0 | |t 3.15_Dum_U_Dvou_tisic_(Ladislav_Frej) (20 min., 5 sek.) |
| 505 | 0 | 0 | |t 3.12_Roky_v_Praze_(Ladislav_Frej) (17 min., 5 sek.) |
| 505 | 0 | 0 | |t 3.13_Zrozeni_cestopisce_(Michal_Bumbalek) (27 min., 17 sek.) |
| 505 | 0 | 0 | |t 4.20_Kilimandzaro_a_divci_puvab_(Petr_Horky) (4 min., 55 sek.) |
| 505 | 0 | 0 | |t 5.21_Hranice_snesitelnosti_(Petr_Horky) (13 min., 17 sek.) |
| 505 | 0 | 0 | |t 3.11_V_sadle_a_loji_(Ladislav_Frej) (8 min., 2 sek.) |
| 505 | 0 | 0 | |t 1.1_FILMOVA_EXPEDICE_ZIVOTEM_-_Deniky_(Petr_Horky) (8 min., 2 sek.) |
| 505 | 0 | 0 | |t 7.29_Sedesaty_osmy_(Ladislav_Frej) (15 min., 17 sek.) |
| 505 | 0 | 0 | |t 3.14_Heydrichiada_(Petr_Horky) (9 min., 11 sek.) |
| 505 | 0 | 0 | |t 5.24_Na_kridlech_fantazie_(Michal_Bumbalek) (22 min., 32 sek.) |
| 505 | 0 | 0 | |t 6.28_Pratelstvi_pres_generace_(Ladislav_Frej) (15 min., 6 sek.) |
| 505 | 0 | 0 | |t 5.23_Koreny_a_vetve_(Petr_Horky) (7 min., 40 sek.) |
| 505 | 0 | 0 | |t 10.1_Pribeh_vzniku_filmu_Stoleti_Miroslava_Zikmunda_(Petr_Horky) (8 min., 36 sek.) |
| 505 | 0 | 0 | |t 1.0_Uvod__+_rozhovor_s_MZ_(Ladislav_Frej,_Petr_Horky,_Miroslav_Zikmund)_-_oprava_2025_+_muzika (3 min., 48 sek.) |
| 505 | 0 | 0 | |t 4.19_Chvala_omylum,_cest_pripravenym_(Petr_Horky) (12 min., 10 sek.) |
| 505 | 0 | 0 | |t 1.2_Sbirani_pod_stolem_(Petr_Horky) (6 min., 46 sek.) |
| 505 | 0 | 0 | |t 5.22_A_byla_svatba_(Petr_Horky) (7 min., 59 sek.) |
| 505 | 0 | 0 | |t 2.3_PRED_VALKOU_-_Stred_sveta_(Ladislav_Frej) (8 min., 41 sek.) |
| 505 | 0 | 0 | |t 2.6_Tri_bratri_(Ladislav_Frej) (4 min., 59 sek.) |
| 505 | 0 | 0 | |t 9.33_Vanoce_leta_pane_dva_tisice_sestnact_(Petr_Horky) (8 min., 20 sek.) |
| 505 | 0 | 0 | |t 2.4_Horoskop_(Vladimir_Kroc) (9 min., 37 sek.) |
| 505 | 0 | 0 | |t 4.17_Hura_do_Afriky_(Petr_Horky) (9 min., 0 sek.) |
| 505 | 0 | 0 | |t 10.2_Zaver_–_Ladislav_Frej_-_oprava_2025 (2 min., 58 sek.) |
| 505 | 0 | 0 | |t 7.30_Internacionala_beze_slov_(Vladimir_Kroc)_ (23 min., 8 sek.) |
| 505 | 0 | 0 | |t 6.26_Se_Savou_ve_vlaku_(Petr_Horky) (16 min., 47 sek.) |
| 505 | 0 | 0 | |t 9.34_Legenda_zije_(Petr_Horky) (7 min., 24 sek.) |
| 505 | 0 | 0 | |t 2.7_Rajcur_a_Vaclav_Sasek_z_Birkova_(Vladimir_Kroc) (13 min., 30 sek.) |
| 505 | 0 | 0 | |t 4.16_EXPEDICE_-_Problemovy_hrdina_(Petr_Horky) (4 min., 27 sek.) |
| 505 | 0 | 0 | |t 2.8_Takovej_nas_tata_nebyl_(Vladimir_Kroc) (21 min., 18 sek.) |
| 505 | 0 | 0 | |t 4.18_Delikventi_necestuji_(Petr_Horky) (4 min., 13 sek.) |
| 505 | 0 | 0 | |t 9.32_MAJETEK_JMENEM_CAS_-_Treti_expedice_(Petr_Horky) (5 min., 33 sek.) |
| 505 | 0 | 0 | |t 3.10_VALKA_-_Diagnosis_viator_(Michal_Bumbalek) (18 min., 48 sek.) |
| 505 | 0 | 0 | |t 2.9_Do_sveho_(Ladislav_Frej) (14 min., 48 sek.) |
| 505 | 0 | 0 | |t 9.35_Tecka_za_rukopisem_cili_utopisticka_prani_do_minulosti_(Ladislav_Frej) (9 min., 5 sek.) |
| 505 | 0 | 0 | |t 6.25_PODRUHE_DO_STEJNE_REKY_-_Podruhe_do_stejne_reky_(Michal_Bumbalek) (13 min., 9 sek.) |
| 505 | 0 | 0 | |t 2.5_Jak_se_toci_detstvi_(Petr_Horky) (3 min., 13 sek.) |
| 505 | 0 | 0 | |t 6.27_Lekce_idealismu_(Michal_Bumbalek) (15 min., 15 sek.) |
| 505 | 0 | 0 | |t 8.31_BEZCASI_-_Svazky_StB_(Petr_Horky) (14 min., 15 sek.) |
| 910 | |a RBIT002 | ||
| 998 | |d 417854 |a https://core.palmknihy.cz/api/books/417854/cover?taeweq |b https://core.palmknihy.cz/api/books/417854/cover/400?taeweq |c https://core.palmknihy.cz/api/books/417854/cover/50?taeweq |e 2034-12-31 |i 9788074627545 |l 26176 |q 49 |r 1 |s https://www.palmknihy.cz/kniha/417854 |t audiobook |y 2025 |z 0 | ||
| 999 | |d 313403 | ||